000 00535nam a2200205 i 4500
001 C2-0306416
003 PPAK
005 20180728091946.0
008 101110s xx |||| ||||| | may d
040 _aPPAK
_beng
_cPPAK
_erda
082 0 4 _a899.23
_223
090 0 0 _a899.23
_bKAS
_dKIH
245 0 0 _aMembina kesusasteraan sejagat mengikut perspektif islam
300 _a6 pages ;
_c30 cm
336 _2rdacontent
_atext
337 _2rdamedia
_aunmediated
338 _2rdacarrier
_avolume
500 _aRingkasan
942 _ddc
_cB
999 _c109328
_d109328